| 000 | 00801nam a2200217 a 4500 | ||
|---|---|---|---|
| 001 | 40046 | ||
| 003 | BD-RjUL | ||
| 005 | 20211209053126.0 | ||
| 008 | 160421b1956 bg |||| |||| 00| 0 ben d | ||
| 020 | _c: PRs. -10-0 | ||
| 035 | _a(BD-RjUL)40161 | ||
| 040 |
_aBD-RjUL _bben _cBD-RjUL |
||
| 041 | _aben | ||
| 082 |
_223 _a891.4409 _bBAN 1956 |
||
| 245 | 0 | 0 | _aবাংলা সাহিত্যের সম্পদ / |
| 260 |
_aঢাকা : _bডিরেক্টর অব রিজিওনাল ইনফরমেশন, _c১৯৫৬ |
||
| 300 |
_a[৪] ৭৬ পৃ. ; _c১৯ সেমি. |
||
| 650 |
_aবাংলা সাহিত্য _xইতিহাস ও সমালোচনা _9118060 |
||
| 650 |
_aBengali literature _9123332 _xHistory and Criticism |
||
| 942 |
_2ddc _cBK |
||
| 999 |
_c40046 _d40046 |
||